header

Freedom of information in a post 9-11 world (Record no. 100857)

MARC details
000 -LEADER
fixed length control field 01582nam a2200409 a 4500
082 04 - DEWEY DECIMAL CLASSIFICATION NUMBER
Classification number 323.44/5
245 00 - TITLE STATEMENT
Title Freedom of information in a post 9-11 world
260 ## - PUBLICATION, DISTRIBUTION, ETC. (IMPRINT)
Place of publication Amityville, N.Y. :
Name of publisher Baywood Pub. Co.,
Year of publication c2006.
300 ## - PHYSICAL DESCRIPTION
Number of Pages vii, 206 p. :
Other physical details ill.
490 1# - SERIES STATEMENT
Series statement Baywood's technical communications series
650 #0 - SUBJECT ADDED ENTRY--TOPICAL TERM
Topical Term Freedom of information.
Topical Term Freedom of speech.
Topical Term Information policy.
Topical Term Academic freedom.
Topical Term Science and state.
Topical Term Research
Topical Term Communication of technical information.
700 1# - ADDED ENTRY--PERSONAL NAME
Personal name Sides, Charles H.,
856 40 - ELECTRONIC LOCATION AND ACCESS
Uniform Resource Identifier http://site.ebrary.com/lib/rucke/Doc?id=10613424

No items available.

© 2026 Rongo University
Contact us: librarian | system librarian | Rongo university